| 000 | 00000nam##2200000za#4500 |
| 001 | 9.662950 |
| 003 | CaOODSP |
| 005 | 20240501092931 |
| 007 | ta |
| 008 | 150407|2000||||xxc||||| f|0| 0 fre|d |
| 020 | |a0-662-65890-6 |
| 040 | |aCaOODSP|bfre |
| 041 | |aeng |
| 041 | |afre |
| 043 | |an-cn--- |
| 086 | 1 |aJS82-86/2001 |
| 110 | 2 |aService correctionnel Canada. |
| 245 | 10|aMythes et réalités: comment le système correctionnel fédéral contribue à la protection de la société |
| 250 | |a2e édition. |
| 260 | |aOttawa - Ontario : |bSolliciteur général Canada. |c2000. |
| 300 | |a33p. : |bréférences ; |c22 cm. |
| 500 | |aDonnées des catalogage avant publication (Canada) imprimées dans cette publication. «La publication Mythes et réalités vise à fournir sans détour à tous les Canadiens des renseignements factuels sur les services correctionnels et d'autres sujets de préoccupation connexes. Elle a pour but de détruire des mythes, d'éliminer certaines idées fausses et de promouvoir une plus grande compréhension de la manière dont de bons services correctionnels contribuent à la protection de la société.»--Avant-propos. |
| 563 | |aCouverture souple |
| 590 | |a02-07|b2002-02-15 |
| 691 | 07|aCriminalité|2gcpds |
| 691 | 07|aSécurité publique|2gcpds |
| 691 | 07|aÉtablissement pénitentiaire|2gcpds |
| 776 | 0#|tMyths et réalités : |w(CaOODSP)9.639744 |
| 776 | 0#|tMyths and realities : |w(CaOODSP)9.695613 |
| 791 | |tMyths and realities: how federal corrections contributes to the public safety |eeng|w(CaOODSP)9.662949 |